Online Catalogue and eLibrary

Kala me kulu hamba aduna (Record no. 4947)

MARC details
000 -LEADER
fixed length control field 00361nam a2200145Ia 4500
005 - DATE AND TIME OF LATEST TRANSACTION
control field 20250411061403.0
008 - FIXED-LENGTH DATA ELEMENTS--GENERAL INFORMATION
fixed length control field 240331s9999 xx 000 0 und d
082 ## - DDC Classification
Item Number - Author Mark MAH
Class No. 891
100 ## - MAIN ENTRY--PERSONAL NAME
Personal name Mahendra,S
245 #0 - TITLE STATEMENT
Title Kala me kulu hamba aduna
260 ## - PUBLICATION, DISTRIBUTION, ETC.
Place of publication, distribution, etc. Colombo
Name of publisher, distributor, etc. Dayawansa Jayakody & Company
Date of publication, distribution, etc. 1986
300 ## - PHYSICAL DESCRIPTION
Extent (e.g. Volumes, Pages etc.) 191 p .,
650 ## - SUBJECT ADDED ENTRY--TOPICAL TERM
Topical term or geographic name entry element Sinhala Novel
942 ## - Koha item type (Biblio)
Koha item type Books in Stacks (Lending)
Holdings
Lost status Damaged status Collection code Home library Current library Shelving location Date acquired Full call number Accession Number Item type
    Lending WERC Library WERC Library Social Science Cupboard 03/31/2024 891.48 MAH 1074 Books in Stacks (Lending)

© WERC Library